The Turkic tribes of southwestern Persia

Elmentve itt :
Bibliográfiai részletek
Szerző: Oberling Pierre
Dokumentumtípus: Cikk
Megjelent: Harrassowitz Wiesbaden 1964
Sorozat:Ural-Altaische Jahrbücher : Fortsetzung der "Ungarischen Jahrbücher" = Ural-Altaic yearbook
Kulcsszavak:Török népek története
Tárgyszavak:
Online Access:http://misc.bibl.u-szeged.hu/64165
LEADER 00849nab a2200229 i 4500
001 misc64165
005 20230118101422.0
008 221220s1964 hu o 0|| eng d
040 |a SZTE Miscellanea Repozitórium  |b hun 
041 |a eng 
100 1 |a Oberling Pierre 
245 1 4 |a The Turkic tribes of southwestern Persia  |h [elektronikus dokumentum] /  |c  Oberling Pierre 
260 |a Harrassowitz  |b Wiesbaden  |c 1964 
300 |a 164-180  |c 24 cm 
300 |a [17] p.  |c 24 cm 
490 0 |a Ural-Altaische Jahrbücher : Fortsetzung der "Ungarischen Jahrbücher" = Ural-Altaic yearbook 
561 |a Németh Gyula hagyaték 
591 |a NOA 4441 
650 4 |a Bölcsészettudományok 
650 4 |a Történettudomány és régészet 
695 |a Török népek története 
856 4 0 |u http://misc.bibl.u-szeged.hu/64165/1/4441_noa_o10.pdf  |z Dokumentum-elérés